الرسم الهندسي بإستخدام الحاسوب : (رقم التسجيلة. 62318)

تفاصيل مارك
000 -الفاتح
عناصر البيانات ثابتة الطول 00818cam a2200205 i 4500
005 - تاريخ ووقت آخر معاملة
حقل ضبط 20251108171759.0
008 - عناصر البيانات ثابتة الطول
عناصر البيانات ثابتة الطول 250721s2003 jo a gr 000 0 ara d
082 14 - رقم تصنيف ديوي العشري
رقم التصنيف 006.68
رقم المادة ك و ك
100 1# - مدخل رئيسي – اسم شخصي
الاسم الشخصي القاضي، محمد
علاقة الشخص بالعمل/ دوره مؤلف.
245 12 - بيان العنوان
العنوان الرسم الهندسي بإستخدام الحاسوب :
بقية العنوان الأوتوكاد /
بيان المسؤولية م.محمد القاضي، م.زينب الدوس، م.حسن الدباس.
264 1# - بيانات النشر، التوزيع…إلخ
مكان النشر، التوزيع...إلخ عمان :
اسم الناشر، الموزع...إلخ دار الصفاء للنشر و التوزيع،
تاريخ النشر، التوزيع...إلخ 2003.
300 ## - الوصف المادي
عدد الوحدات المكونة للوعاء 320 صفحة.
650 17 - مدخل إضافي بالموضوع - مصطلح موضوعي
مصطلح موضوعي أو اسم جغرافي كعنصر مدخل الرسوم التصويرية المحوسبة.
650 17 - مدخل إضافي بالموضوع - مصطلح موضوعي
مصطلح موضوعي أو اسم جغرافي كعنصر مدخل برامج الحاسوب.
650 17 - مدخل إضافي بالموضوع - مصطلح موضوعي
مصطلح موضوعي أو اسم جغرافي كعنصر مدخل أوتوكاد.
700 1# - مدخل إضافي - اسم شخصي
الاسم الشخصي الدوس، زينب
علاقة الشخص بالعمل/ دوره مؤلف.
700 1# - مدخل إضافي - اسم شخصي
الاسم الشخصي الدباس، حسن
علاقة الشخص بالعمل/ دوره مؤلف.
942 ## - بيانات إضافية (كوها)
نوع التنصيف Dewey Decimal Classification
نوع المادة (كوها) كتب
المقتنيات
حالة السحب حالة الفقدان مصدر التصنيف حالة التلف غير قابل للإعارة المكتبة الرئيسية المكتبة الحالية موقع الرف تاريخ التزويد الرقم المتسلسل Total Checkouts رقم الإستدعاء الباركود تاريخ آخر ظهور تاريخ الفاتورة نوع المادة (كوها)
    Dewey Decimal Classification     المكتبة المركزية المكتبة المركزية الإعارة 06/07/2004 586192   006.68 / ق ا ض 586192 28/07/2025 06/07/2004 كتب
    Dewey Decimal Classification     مكتبة أم قصير والمقابلين العامة مكتبة أم قصير والمقابلين العامة الإعارة 06/07/2004 586232   006.68/قاض DUP-02_586232 28/07/2025 06/07/2004 كتب
    Dewey Decimal Classification     مكتبة الأميرة ايمان العامة مكتبة الأميرة ايمان العامة الإعارة 28/07/2025 586224   006.68/قاض 586224 28/07/2025 28/07/2025 كتب
    Dewey Decimal Classification Unchecked   مكتبة الجويدة مكتبة الجويدة الأطفال 28/07/2025 586228   006.68/قاض   28/07/2025 28/07/2025 كتب
    Dewey Decimal Classification     مكتبة الحسن العامة مكتبة الحسن العامة الإعارة 11/09/2018 586229   006.68/قاض PLD00430641 28/07/2025 11/09/2018 كتب
    Dewey Decimal Classification Unchecked   مكتبة حمزة العامة مكتبة حمزة العامة الإعارة 28/07/2025 586230   006.68/قاض   28/07/2025 28/07/2025 كتب
    Dewey Decimal Classification     مكتبة صويلح العامة مكتبة صويلح العامة الإعارة 06/07/2004 586225   006.68/قاض 586225 28/07/2025 06/07/2004 كتب
    Dewey Decimal Classification     مكتبة وادي السير العامة مكتبة وادي السير العامة الإعارة 28/07/2025 586234   006.68/قاض 586234 28/07/2025 28/07/2025 كتب
Implemented & Customized by: BBB with SCIT (Smart Chains for Information Technology)

Powered by Koha